Máquinas Simples - Estadísticas

Estadísticas generales
  • Esta prueba ha sido intentada 1.221 veces
  • La puntuación promedio es 3 de 6
Estadísticas de respuestas
Máquinas simple % Correcto
Torno
79%
Polea
69%
Palanca
60%
Plano inclinado
31%
Tornillo
27%
Cuña
18%
No se encontraron pruebas coincidentes
Distribución de puntuación
Porcentaje de gente con cada puntuación
Porcentaje por número respondido
Historial de tus puntuaciones
No has intentado esta prueba.